000 00495nam a2200193Ia 4500
003 0100
008 130303s9999 xx 000 0 und d
040 _cARRUPELIB
050 _aBX830.1962A7F87 1967
100 _aFrein, George H
245 _aSeven lesson plans on the constitution on the church of Vatican Council II
260 _aCork
260 _bMercier Press
260 _C1967
300 _a88p.
300 _b 18cm.
650 _bJesuits--General congregations
942 0 0 _01
999 _c37620
_d37620